000 00695nam a22002177a 4500
999 _c18366
_d18366
003 AR-CdUCM
008 190305b ||||| |||| 00| 0 spa d
040 _aMUNICIPALIDAD PROVINCIAL DEL CUSCO
_cBIBLIOTECA MUNICIPAL DEL CUSCO
082 _a985.009 /
_bUG24
100 _aUgarte Eléspuru, Juan Manuel
_99823
245 _aIgnacio Merino /
260 _aLima :
_c1966.
300 _a183 páginas ;
_bilustraciones,
_c20 cm.
440 _aBiblioteca hombres del Perú cuarta serie
_938905
505 _aContenido: Ignacio Merino -- La obra -- El hombre.
650 _aPintores
_96624
650 _aBiografía
_922
650 _aPerú
_935
942 _2ddc
_cLIBROS
945 _adavv
_d2019-05-13